| 000 | 01361nam a2200241 u 4500 | ||
|---|---|---|---|
| 007 | ta | ||
| 008 | 250321s2025 xx r 000 0 eng d | ||
| 020 | _a9781292340883 | ||
| 040 | _ctbs | ||
| 041 | 0 | _aeng | |
| 050 |
_aHD31 _bR56471 2020 |
||
| 100 |
_aRobbins, Stephen P. _920547 _eauthor |
||
| 245 | 1 | 0 |
_aManagement _c/ Stephen P. Robbins, Mary Coulter. |
| 250 | _aFifteenth edition | ||
| 260 |
_aHarlow : _bPearson, _c2020 |
||
| 300 |
_a618 pages : _billustrations (color) _c28 cm. |
||
| 520 | _aREAL managers, REAL experiences. With a renewed focus on job-relevant skills, the newest edition of this bestselling text helps management and non-management students alike better prepare to enter the workforce. Management, 15th Edition, Global Edition, vividly illustrates effective management theories by incorporating the perspectives of real-life managers. Through examples, cases, and hands-on exercises, students will see and experience management in action—helping them develop the specific skills that employers are looking for and understand how the concepts they’re learning about actually work in today’s dynamic business world. | ||
| 630 | 0 |
_aB1 Introduction to Business Management (BiM) _926230 |
|
| 650 | 0 | 0 |
_aBusiness management _9223 |
| 650 | 0 | 0 |
_aManagement _vTextbooks _926462 |
| 700 |
_aCoulter, Mary _eauthor _921881 |
||
| 942 | _2lcc | ||
| 999 |
_c5068 _d5068 |
||